| 000 | 01149nam a22002537a 4500 | ||
|---|---|---|---|
| 005 | 20170124103146.0 | ||
| 010 | _aA-912826 | ||
| 020 |
_c00.00 _a8174871055 |
||
| 035 | _aA-912826 | ||
| 037 | _bCen Lib/Ret | ||
| 040 |
_aDPL _bHN |
||
| 082 |
_a301.0954 _bगुप्तन |
||
| 100 |
_aगुप्त, नत्थूलाल _986319 |
||
| 245 |
_aसंस्कृति के सात सोपान / _cनत्थूलाल गुप्त |
||
| 246 |
_aSanskriti ke saat sopaan / _bby Natthulal Gupta |
||
| 260 |
_aनई दिल्ली _bराधा पब्लिकेशन्स _c1997 |
||
| 270 |
_a4378/4B, अंसारी रोड, दरियागंज _bनई दिल्ली _e110002 |
||
| 300 |
_axiv,351पृ. _c20सेमी(सजिल्द) |
||
| 650 |
_aसंस्कृति संरचना -- समाज _95455 |
||
| 650 |
_aभारत -- स्वाधीनता आन्दोलन _986320 |
||
| 650 |
_aCulture Structure - Society _986321 |
||
| 650 |
_aIndia - Independence Movement _986322 |
||
| 942 |
_2ddc _cHN _h301.0954 _mगुप्तन |
||
| 999 |
_c119700 _d119700 |
||